|
|
|
|
| LEADER |
00863cam a2200241 7i4500 |
| 001 |
0000035680 |
| 005 |
20181221090000.0 |
| 006 |
## mgq z f |
| 007 |
##cc cg# auaap |
| 090 |
0 |
0 |
|a PHOT 110
|b M 2018 (DVD)
|
| 100 |
1 |
# |
|a Badrul Hisham Hilal
|e Project Officer
|
| 245 |
1 |
0 |
|a MEDICA 2018 :
|b 12-15 November 2018
|c Dusseldorf, Germany.
|
| 264 |
3 |
0 |
|a Dusseldorf, Germany:
|b Messe Dusseldorf,
|c 2018.
|
| 300 |
# |
# |
|a DVD-RW (435 photographs):
|b illustration, color;
|c 4 <U+00BE> in..
|
| 336 |
# |
# |
|a still image
|b sti
|2 rdacontent
|
| 337 |
# |
# |
|a computer
|b c
|2 rdamedia
|
| 338 |
# |
# |
|a computer disc
|b cd
|2 rdacarrier
|
| 347 |
# |
# |
|a image file
|b JPEG
|2 rda
|
| 600 |
0 |
0 |
|a Abu Bakar Yusof
|
| 600 |
0 |
0 |
|a Badrul Hisham Hilal
|
| 600 |
0 |
0 |
|a Datin Sarah Nani
|
| 650 |
1 |
0 |
|a MATRADE --
|x Photograph Collections --
|y 2018
|
| 999 |
|
|
|a PC00001803
|b Photographs
|c Photographs
|e Business Information Centre
|